00863cam a22002654a 45000010009000000050017000090080041000260100017000670200035000840350020001190400023001390410008001620420008001700600022001780800018002000820022002181000006002401010008002462450101002545040051003559060045004069420012004519990017004639520117004801218166720180308081210.0000922s2001 paua bfe 001 0 eng c a 00049228  a0721686095 (pbk. : alk. paper) a(DNLM)100965558 aDNLM/DLCcDLCdDLC aeng apcc10aQY 39bL1229 2001 a616.0756 CHER00a616.0756 CHER221 a4 aSHM00aLaboratory tests and diagnostic procedures /cedited by Cynthia C. Chernecky, Barbara J. Berger. aIncludes bibliographical references and index. a7bcbccorignewd1eocipf20gy-gencatlg 2ddccBK c44490d44490 00102udc40708PËKGa002b002cPËKGd2018-03-08l0o616.0756 CHERp002-3001086r2018-03-08w2018-03-08yBK